000 00364pab a2200157 454500
008 180718b2015 xxu||||| |||| 00| 0 eng d
100 _aDatta, Ankur
245 _aUnequal dislocations
260 _c2015
300 _ap.69-73.
362 _aAug
650 _aSocial inequality - India
650 _aSocial inequality
773 _aSeminar
909 _a108903
999 _c108898
_d108898